Nature of space and time (Record no. 12554)

MARC details
000 -LEADER
fixed length control field 00521nam a2200181Ia 4500
003 - CONTROL NUMBER IDENTIFIER
control field IN-BaIIA
008 - FIXED-LENGTH DATA ELEMENTS--GENERAL INFORMATION
fixed length control field 211028s9999 xx 000 0 eng d
020 ## - INTERNATIONAL STANDARD BOOK NUMBER
International Standard Book Number 0-19-564211-2
040 ## - CATALOGING SOURCE
Transcribing agency IIA Library
080 ## - UNIVERSAL DECIMAL CLASSIFICATION NUMBER
Universal Decimal Classification number 524.834
Item number HAW
100 ## - MAIN ENTRY--PERSONAL NAME
Personal name Penrose, Roger
245 #0 - TITLE STATEMENT
Title Nature of space and time
Statement of responsibility, etc. Stephen Hawking and Roger Penrose
260 ## - PUBLICATION, DISTRIBUTION, ETC.
Place of publication, distribution, etc. Oxford
Name of publisher, distributor, etc. Oxford University Press
Date of publication, distribution, etc. 1998
300 ## - PHYSICAL DESCRIPTION
Extent viii, 141p.
650 ## - SUBJECT ADDED ENTRY--TOPICAL TERM
Topical term or geographic name entry element Space
9 (RLIN) 3725
650 ## - SUBJECT ADDED ENTRY--TOPICAL TERM
Topical term or geographic name entry element time
9 (RLIN) 2741
942 ## - ADDED ENTRY ELEMENTS (KOHA)
Koha item type Books
Holdings
Withdrawn status Lost status Source of classification or shelving scheme Damaged status Not for loan Home library Current library Shelving location Date acquired Source of acquisition Cost, normal purchase price Total Checkouts Full call number Barcode Date last seen Cost, replacement price Price effective from Koha item type Purchase Price
    Dewey Decimal Classification     IIA Library-Bangalore IIA Library-Kodaikanal General Stacks 30/06/1998 EDS 175.00   524.834/ HAW 13471 05/11/2021 175.00 30/06/1998 Books Rs. 175.00

Powered by Koha